Les 50... Chanteurs français - Statistiques

Statistiques générales
  • Ce quiz a été pris 630 fois
  • Le résultat moyen est 24 sur 50
Statistiques - réponses
Par images Réponse % Correct
Renaud
93%
Charles Aznavour
91%
Johnny Hallyday
88%
Julien Doré
87%
Pascal Obispo
85%
Florent Pagny
84%
Patrick Bruel
84%
Jean-Jacques Goldman
83%
Kendji Girac
81%
Michel Polnareff
79%
Marc Lavoine
77%
Michel Sardou
77%
Calogero
76%
Daniel Balavoine
75%
Gregory Lemarchal
73%
Laurent Voulzy
70%
Dadju
61%
Serge Gainsbourg
61%
Eddy Mitchell
60%
Michel Berger
56%
Benabar
55%
Georges Brassens
51%
Carlos
47%
Étienne Daho
46%
Henri Salvador
41%
Hugues Aufray
40%
Leo Ferré
39%
Jacques Dutronc
37%
Jean Ferrat
37%
Charles Trenet
36%
Alain Bashung
34%
Michel Fugain
34%
Maxime Leforestier
32%
Daniel Guichard
31%
Antoine
28%
Bernard Lavilliers
28%
Gérard Lenorman
27%
Michel Delpech
27%
C. Jérôme
25%
Gerald De Palmas
25%
Louis Chedid
23%
Alain Chamfort
22%
Claude Nougaro
21%
Manu Chao
19%
François Feldman
14%
Boby Lapointe
12%
Hervé Vilard
11%
Sasha Distel
10%
Sanseverino
6%
Abd Al Malik
5%
Aucun quiz correspondant
Distribution des résultats
% des personnes avec chaque résultat
Percentile par nombre de réponses
Votre historique - résultats
Vous n’avez pas pris ce quiz